Lonely Planet top 300 destinations - Statistics

General Stats
  • This quiz has been taken 553 times
  • The average score is 78 of 300
Answer Stats
Ranking Place Country % Correct
4 Great Wall of China China
83%
3 Machu Picchu Peru
83%
1 Angkor Wat Cambodia
82%
7 Colosseum Italy
82%
5 Taj Mahal India
82%
40 Eiffel Tower France
71%
13 Petra Jordan
70%
2 Great Barrier Reef Australia
68%
6 Grand Canyon United States
67%
33 Uluru Australia
67%
62 Stonehenge England
66%
25 The Pyramids Of Giza Egypt
66%
57 Sydney Opera House Australia
65%
10 Aya Sofya (Hagia Sophia) Turkey
61%
106 Niagara Falls Canada/ United States
61%
8 Iguazu Falls Argentina/Brazil
59%
16 Sagrada Familia Spain
59%
27 Victoria Falls Zambia/Zimbabwe
59%
61 Yellowstone National Park United States
58%
28 Acropolis, Athens Greece
56%
85 St. Peter's Basilica Italy
56%
144 Statue of Liberty & Ellis Island United States
55%
37 Louvre Museum France
54%
21 Yosemite United States
53%
101 Golden Gate Bridge United States
52%
22 Dubrovnik Croatia
51%
109 Empire State Building, New York United States
51%
19 Galapagos Islands Ecuador
49%
9 Alhambra Spain
48%
90 Everest Base Camp Trek Nepal
48%
87 Red Square, Moscow Russia
47%
55 Notre Dame France
46%
29 Versailles France
46%
274 Angel Falls Venezuela
44%
78 Chichen Itza Mexico
44%
170 Cristo redentor, Rio de Janeiro Brazil
44%
296 Mount Kilimanjaro Tanzania
44%
43 Table Mountain South Africa
44%
98 Matterhorn Switzerland
43%
11 Medina of Fez Morocco
43%
18 Santorini Greece
43%
45 Serengeti National Park Tanzania
43%
238 Temple of Luxor Egypt
43%
51 Pantheon, Roma Italy
42%
118 St Paul's Cathedral, London England
42%
14 Tikal National Park Guatemala
42%
63 Berlin Wall Germany
41%
146 Blue Mosque, Istanbul Turkey
41%
26 Piazza San Marco, Venice Italy
41%
34 Charles Bridge Czechia
40%
88 Forbidden City, Beijing China
40%
15 British Museum England
39%
58 Edinburgh Castle Scotland
39%
65 Halong Bay Vietnam
39%
46 Hermitage, St. Petersburg Russia
39%
41 Pompeii Italy
39%
104 Auschwitz-Birkenau Memorial Poland
38%
93 Blue Lagoon Iceland
37%
31 Hanoi's Old Quarter Vietnam
37%
163 Moraine Lake Canada
37%
20 Museum of Old and New Art, Tasmania Australia
37%
59 Anne Frank Huis Netherlands
36%
86 Dome of the Rock Israel
36%
139 Kruger National Park South Africa
36%
185 Mont Blanc France
36%
153 Mt. Etna Italy
36%
135 Norwegian Fjords Norway
35%
103 Giant's Causeway Ireland
34%
208 Times Square, New York United States
34%
108 Bora Bora French Polinesia
33%
295 Dead Sea Israel/Jordan
33%
50 Hiroshima Japan
33%
83 Hoi An Old Town Vietnam
33%
39 Lake Baikal Russia
33%
36 Lake District England
33%
12 Twelve Apostles Australia
33%
246 Burj Khalifa UAE
32%
64 Isle of Skye Scotland
31%
76 Lake Bled Slovenia
31%
79 Masai Mara Kenya
31%
181 Snowdonia Wales
31%
89 Uffizi Gallery Italy
31%
35 Abel Tasman National Park New Zealand
30%
24 Bagan Burma
30%
172 Prague Castle Czechia
30%
233 Rijksmuseum, Amsterdam Netherlands
30%
190 Van Gogh Museum Netherlands
30%
77 Redwood National Park United States
29%
142 Sintra Portugal
29%
115 Vatican Museum Vatican City
29%
228 Alcatraz, San Francisco United States
28%
220 Carthage Tunisia
28%
297 Cologne Cathedral Germany
28%
169 Edinburgh Royal Mile Scotland
28%
174 Grand Place, Brussels Belgium
28%
132 Great Buddha, Nara Japan
28%
218 Old Quebec Montreal
28%
92 Teotihuacan Mexico
28%
82 Valley of the Kings Egypt
28%
67 Cappadocia Turkey
27%
156 Chernobyl Exclusion Zone Ukraine
27%
17 Fiordland National Park New Zealand
27%
100 Okavango Delta Botswana
27%
240 Old Delhi India
27%
112 Tallinn Old Town Estonia
27%
189 York Minster England
27%
110 Budapest Thermal Baths Hungary
26%
143 Carcassonne France
26%
80 Metropolitan Museum of Art United States
26%
131 Pantanal Brazil
26%
164 Roman Baths, Bath England
26%
23 Salar de Uyuni Bolivia
26%
52 Tate Modern England
26%
95 Abu Simbel Egypt
25%
195 DMZ South Korea
25%
178 Egyptian Museum, Cairo Egypt
25%
138 Ephesus Turkey
25%
173 Ghana Slave Forts Ghana
25%
148 Grand Buddha, Leshan China
25%
186 Karnak Egypt
25%
197 Main Market, Krakow Poland
25%
177 Rocky Mountains National Park United States
25%
113 Stari Most Bridge, Mostar Bosnia and Herzegovina
25%
117 The Peak, Hong Kong China
25%
180 Amber Fort, Jaipur India
24%
130 Bay of Islands New Zealand
24%
32 Cradle Mountain, Tasmania Australia
24%
99 Gamla Stan, Stockholm Sweden
24%
184 Glencoe Scotland
24%
162 Ice hotel, Jukkasjärvi Sweden
24%
203 Island of Mozambique Mozambique
24%
73 Mezquita of Cordoba Spain
24%
159 Neuschwanstein Castle Germany
24%
291 Old Dhaka Bangladesh
24%
193 Old Tbilisi Georgia
24%
44 Old Town Square, Prague Czechia
24%
129 Plitvice Lakes Croatia
24%
191 Sigiriya Sri Lanka
24%
134 Skara Brae Scotland
24%
38 Torres del Paine National Park Chile
24%
124 Bryggen Norway
23%
241 Cinque Terre Italy
23%
176 Gullfoss Waterfall Iceland
23%
166 Inle Lake Burma
23%
119 Meteora Greece
23%
84 Monument Valley United States
23%
71 Mt. Sinai Egypt
23%
72 Pao De Acucar Brazil
23%
236 Singapore zoo Singapore
23%
182 Volcanoes National Park Rwanda
23%
47 Bay of Kotor Montenegro
22%
154 Eiger Switzerland
22%
187 Gardens by the Bay Singapore
22%
200 Goree Island Senegal
22%
56 Kakadu National Park Australia
22%
201 Mont St. Michel France
22%
49 Ngorongoro Crater Conservation Area Tanzania
22%
207 Portmeirion Wales
22%
161 Shackleton's Hut Anctartica
22%
160 Terracota Warriors China
22%
54 Tiger Leaping Gorge China
22%
155 Walt Disney World United States
22%
97 Big Sur United States
21%
74 Lalibela Ethiopia
21%
171 National Mall, Washington United States
21%
107 Potala Palace, Lhasa China
21%
219 Canterbury Cathedral England
20%
30 Djemaa el-Fna, Marrakesh Morocco
20%
81 Franz Josef & Fox Glacier New Zealand
20%
42 Havana vieja Cuba
20%
66 Santa Maria del Fiore Italy
20%
91 Shwedagon Pagoda Burma
20%
217 Summer Palace, Beijing China
20%
237 Wadi Rum Protected Area Jordan
20%
199 Wat Phou Laos
20%
242 Borobudur Indonesia
19%
278 Death Valley United States
19%
245 Duomo, Milan Italy
19%
179 Gorges du Verdon France
19%
48 Jaisalmer India
19%
69 Palenque Mexico
19%
210 Robben Island South Africa
19%
140 Tulum Mexico
19%
114 Ayutthaya Thailand
18%
196 Boudhanath Stupa, Kathmandu Nepal
18%
165 Chobe National Park Botswana
18%
70 Ilulissat Kangerlua Greenland
18%
60 Jökulsarlon Iceland
18%
225 Museo del Prado, Madrid Spain
18%
105 Parque Nacional Corcovado Costa Rica
18%
229 Piazza del Campo, Siena Italy
18%
230 Postojna Cave Slovenia
18%
294 St. David's Cathedral, Pembrokshire Wales
18%
206 Vasa Museum, Stockholm Sweden
18%
145 Vatnajokulll Glacier Cave Iceland
18%
213 Wieliczka Salt Mine Poland
18%
123 Aiguille Du Midi France
17%
75 Arashiyama - Kyoto Japan
17%
271 Arenal Volcano Costa Rica
17%
256 Church of the Holy Sepulcher, Jerusalem Israel
17%
188 ISimangaliso Wetland Park South Africa
17%
215 Jellyfish Lake Palau
17%
167 Kota Kinabalu Malaysia
17%
68 Ko Tao Thailand
17%
267 Mt. Denali, Alaska United States
17%
133 National Museum of Anthropology Mexico
17%
151 Bairro of Ribeira, Porto Portugal
16%
251 Bwindi Impenetrable National Park Uganda
16%
194 Changdeokgung Palace South Korea
16%
137 Choquequirao Peru
16%
299 Cotopaxi Ecuador
16%
247 Djenne Mosque Mali
16%
263 Ground Zero, New York United States
16%
96 Le Cimetière De Père Lachaise France
16%
283 Mt. Kailash China
16%
53 Naqsh-e Jahan Iran
16%
221 Reichstag Building, Berlin Germany
16%
231 Rila Monastery Bulgaria
16%
212 Sossusvlei Namibia
16%
261 South Luangwa National Park Zambia
16%
111 Topkapi Palace, Istanbul Turkey
16%
121 Copper Canyon Mexico
15%
258 Itsukushimagate, Miyajima Japan
15%
175 Kinkaku-ji Japan
15%
259 Lincoln Memorial, Washington DC United States
15%
273 Picos de Europa Spain
15%
255 Rhodes Old Town Greece
15%
205 San Gimignano Italy
15%
157 Shibuya, Tokyo Japan
15%
136 Tayrona Colombia
15%
269 Timgad Algeria
15%
141 Tsukiji Fish Market Japan
15%
183 Xochimilco Mexico
15%
235 Alcazar, Seville Spain
14%
116 Anakaena Beach, Easter Island Chile
14%
128 Andaz Amsterdam Prinsengracht Netherlands
14%
127 Bazaruto Archipelago Mozambique
14%
102 Dashashwamedh Ghat, Varanasi India
14%
281 Eden Project, Cornwall England
14%
282 Kizhi Pogost Russia
14%
292 Molinere Underwater Sculpture Park Grenada
14%
290 Socotra Island Yemen
14%
158 Valle de Vinales Cuba
14%
149 Actun Tunichil Muknal Belize
13%
211 Borgarfjordur Eystri and Seydisfjordur Iceland
13%
298 Drakensberg Amphitheatre South Africa
13%
147 Gion District Japan
13%
150 Haida Gwaii, British Columbia Canada
13%
152 Koya-San Japan
13%
252 La Citadelle la Ferriere Haiti
13%
94 Lake Wanaka New Zealand
13%
198 Mogao Caves China
13%
214 Parque Nacional Nahuel Huapi Argentina
13%
257 Registan Square, Samarkand Uzbekistan
13%
276 Whakarewarewa Forest, Rotorua New Zealand
13%
202 Blue Mountains National Park Australia
12%
192 Meenakshi Amman Temple, Madurai India
12%
277 Memento Park, Budapest Hungary
12%
248 Naoshima Japan
12%
239 Natural History Museum, London England
12%
168 Phong Nha-Ke Bang National Park Vietnam
12%
250 Silfra Iceland
12%
125 Stewart Island New Zealand
12%
249 Tajik National Park Tajikistan
12%
275 Yakushima Japan
12%
209 Bacuit Archipelago Philippines
11%
122 Fitz Roy, El Chalten Argentina
11%
265 Ningaloo Marine National Park Australia
11%
286 Ross Ice Shelf Antarctica
11%
270 Selous Game Reserve Tanzania
11%
216 Vigelandspark, Oslo Norway
11%
227 Gunung Leuser National Park Indonesia
10%
226 Lago Atitlan Guatemala
10%
244 Parque Nacional Manuel Antonio Costa Rica
10%
234 Pont du Gard France
10%
285 Museum of New Zealand New Zealand
9%
264 Perito Moreno Glacier Argentina
9%
293 Pulau Sipadan Resorts Malaysia
9%
232 The Bund, Shanghai China
9%
224 Bru na Boinne Ireland
8%
300 Chatuchak Weekend Market, Bangkok Thailand
7%
254 David Gareja Monastery Complex Georgia
7%
253 Gallipoli peninsula Turkey
7%
222 Hampi India
7%
279 Ko Phi Phi Thailand
7%
223 Malecon, Havana Cuba
7%
120 Temple and Cemetery of Confucius and the Kong Family Mansion, Qufu China
7%
272 Asa Wright Nature Centre and Lodge Trinidad and Tobago
6%
243 Bosque Nuboso Monteverde Costa Rica
6%
287 Rass al-Jinz Oman
6%
289 Ruins of Kilwa Kisiwani and Songo Mnara Tanzania
6%
126 Bhaktapur Durbar Square, Patan Nepal
5%
204 Grand Erg Occidental Desert Algeria
5%
262 Valle de la Luna Chile
5%
280 Waitomo Caves New Zealand
5%
260 Chenonceau France
4%
266 Honghe Hani Rice Terraces China
4%
268 Athabasca Glacier Canada
3%
288 Anse Vata, New Caledonia French Polinesia
1%
284 Rainbow Reef Dive Center Fiji
0%
No matching quizzes found
Score Distribution
Percent of People with Each Score
Percentile by Number Answered
Your Score History
You have not taken this quiz